| 000 | 01011 a2200265 4500 | ||
|---|---|---|---|
| 005 | 20180312141958.0 | ||
| 008 | 140311s1995 mx a gr|||| 000 j spa d | ||
| 020 | _a9681648684 | ||
| 040 |
_aCO-BoUCM _bspa _cJose A. Gerena _dDiana Londoño |
||
| 041 | _aspa | ||
| 100 | 1 |
_aMcCaughrean, Geraldine _949542 |
|
| 245 | 1 | 0 |
_aUna sarta de mentiras _cGeraldine McCaughrean ; ilustración de Antonio Helguerra ; traducción de Jorge González de León |
| 250 | _a2a Ed | ||
| 260 |
_c1995 _bFondo de cultura económica _aMéxico D.F. (México) |
||
| 300 |
_a226 páginas _bilustraciones |
||
| 490 |
_aA la orilla del viento _v34 |
||
| 650 | 7 |
_937305 _aCuentos ilustrados para niños |
|
| 650 | 7 |
_937709 _aLiteratura infantil inglesa |
|
| 690 |
_942863 _aLiteratura europea |
||
| 700 | 1 |
_aGonzález de León, Jorge _etraductor _958171 |
|
| 700 | 1 |
_aHelguera, Antonio _eilustrador _958170 |
|
| 765 | _tA pack of lies | ||
| 942 |
_a18 _cLIBRO _e2 _mM123u _2DEWEY _h828.914 _n0 |
||
| 999 |
_c240149 _d240149 |
||